000 00849nam a2200241 i 4500
003 DO-SdBNP
005 20250610151724.0
007 ta
008 250610b2017 dr abcd| |||| 00| 0 spa d
040 _aDO-SdBNP
_bspa
_cBNPHU
_erda
041 _aspa
082 4 _axxx
_bxxx
_222
245 0 0 _aPlan Estratégico Nacional para la seguridad vial de la República Dominicana :
_b(pensv-m) 2017-2020
250 _aPrimera edición
264 1 _aSanto Dopmingo :
_bComisión presidencial para la seguridad vial;
_bMinisterio de Obras Públicas y Comunicaciones,
_c2017.
300 _a140 páginas :
_bilustraciones, mapas, retratos y gráficos ;
_c30 cm.
336 _atexto
_btxt
_2rdacontent
337 _asin mediación
_bn
_2rdamedia
338 _avolumen
_bnc
_2rdacarrier
590 _aInventariado, 2025/BT
910 _aBtavárez
942 _2ddc
_cLBS1
999 _c59209
_d59209